| 000 | 00556nam a22001457a 4500 | ||
|---|---|---|---|
| 999 |
_c332290 _d332290 |
||
| 003 | NUST | ||
| 005 | 20171122151714.0 | ||
| 008 | 171122b xxu||||| |||| 00| 0 eng d | ||
| 020 | _a9789698535322 | ||
| 040 | _c0 | ||
| 082 | _a920.1 HUS | ||
| 100 |
_aHussain, Syed Shujaat _96678 |
||
| 245 |
_aMy Life : a memoir _cSyed Shujaat Hussain |
||
| 260 |
_aIslamabad _bNUST publishing press _c2014. |
||
| 300 | _a142p | ||
| 500 | _aH.B | ||
| 942 |
_cBK _2ddc _kIESE |
||